| 000 | 00577nam a2200193 i 4500 | ||
|---|---|---|---|
| 001 | 7573 | ||
| 003 | ES-MaACL | ||
| 005 | 20230906145251.0 | ||
| 007 | t| | ||
| 008 | 910305s1991 sp ||||1| spa d | ||
| 020 | _a84-234-0964-3 | ||
| 080 | _a657.6 | ||
| 100 | 1 |
_aMadariaga Gorocica, Juan María. _975297 |
|
| 245 | 1 | 3 |
_aLa Auditoria de cuentas ante la empresa española / _cJuan Ma Madariaga Gorocica. |
| 260 |
_aBilbao : _bDeusto, _cD.L. 1991. |
||
| 300 |
_a283 p. ; _c24 cm. |
||
| 650 | 1 | 4 |
_aAuditoría- _zEspaña. _910413 |
| 852 |
_aES-MaACL _jL-14871 _bR.119057 _z. - tela |
||
| 999 |
_c7573 _d7573 |
||